Größte Städte und Gemeinden der Pfalz nach Buchstabe - Statistiken

Allgemein
  • Dieses Quiz wurde 21 mal gespielt
  • Das Durchschnittsergebnis liegt bei 8 aus 24
Antwortstatistiken
Hint Antwort % Korrekt
K Kaiserslautern
90%
L Landau
81%
N Neustadt
71%
P Pirmasens
71%
S Speyer
62%
B Bad Dürkheim
57%
Z Zweibrücken
57%
G Germersheim
52%
F Frankenthal
38%
H Hassloch
38%
M Mutterstadt
38%
E Eisenberg
24%
W Wörth
19%
C Contwig
14%
J Jockgrim
14%
O Offenbach
14%
Q Queidersbach
14%
R Römerberg
14%
T Trippstadt
10%
V Vinningen
5%
A Altrip
0%
D Dannstadt-Schauernheim
0%
I Insheim
0%
U Ulmet
0%
Keine übereinstimmenden Quizze gefunden
Verteilung der Resultate
Anzahl Personen mit jedem Resultat
Perzentil nach korrekt beantworteten Fragen
Ihre Resultats-Entwicklung
Sie haben dieses Quiz noch nicht gespielt